000 00420nam a2200157 a 4500
001 13325
005 20180713201705.0
008 140415s1970 000 0 spa d
041 _aspa
082 _a620.106
_bKAR
100 1 _aKARASSIK, IGOR J.
245 1 0 _aCONSULTOR DE BOMBAS CENTRIFUGAS
260 _a[s.l.] :
_bCECSA,
_c1970
300 _a285
650 1 4 _aBOMBAS (MAQUINAS)
_xBOMBAS CENTRIFUGAS
999 _c13325
_d13325